Final report on Cabinet Departments (Record no. 488797)

000 -LEADER
fixed length control field 00412cam a22001337a 4500
008 - FIXED-LENGTH DATA ELEMENTS--GENERAL INFORMATION
fixed length control field 180718b1969 xxu||||| |||| 00| 0 eng d
082 ## - DEWEY DECIMAL CLASSIFICATION NUMBER
Classification number B6x751 D376
100 ## - MAIN ENTRY--PERSONAL NAME
Personal name United States. Governor's Task Force on Reorganization
245 ## - TITLE STATEMENT
Title Final report on Cabinet Departments
260 ## - PUBLICATION, DISTRIBUTION, ETC.
Place of publication, distribution, etc. Delaware
Name of publisher, distributor, etc. The author
Date of publication, distribution, etc. 1969
300 ## - PHYSICAL DESCRIPTION
Extent 67p.
500 ## - GENERAL NOTE
General note Chairman: E. Norman Veasey
700 ## - ADDED ENTRY--PERSONAL NAME
Personal name Veasey, E. Norman (Chairman)
Holdings
Withdrawn status Lost status Damaged status Not for loan Permanent Location Current Location Date acquired Full call number Barcode Date last seen Price effective from Koha item type
        Indian Institute of Public Administration Indian Institute of Public Administration 2018-08-04 B6x751 D376 GG11982 2018-08-04 2018-08-04 GG

Powered by Koha